Welfare costs of U. S. quotas in textiles, steel and autos.
Kvantifikácia podporného efektu a posunu výšky zdrojov, ktoré by nastali v prípade odstránenia kvantitatívnych reštrikcií v oblasti výroby textilu, ocele a automobilov v USA.
Salvato in:
| Autore principale: | |
|---|---|
| Altri autori: | |
| Natura: | Capitolo di libro |
| Lingua: | inglese |
| Soggetti: | |
| Tags: |
Nessun Tag, puoi essere il primo ad aggiungerne!!
|
MARC
| LEADER | 00000naa a2200000 4500 | ||
|---|---|---|---|
| 001 | r006065 | ||
| 005 | 20220819194858.0 | ||
| 041 | 0 | |a eng | |
| 044 | |a US | ||
| 245 | 1 | 0 | |a Welfare costs of U. S. quotas in textiles, steel and autos. |c J.de Melo, D. Tarr |
| 520 | |a Kvantifikácia podporného efektu a posunu výšky zdrojov, ktoré by nastali v prípade odstránenia kvantitatívnych reštrikcií v oblasti výroby textilu, ocele a automobilov v USA. | ||
| 610 | 2 | 0 | |a USA |
| 610 | 2 | 0 | |a kvantifikácia |
| 610 | 2 | 0 | |a oceľ |
| 610 | 2 | 0 | |a textil |
| 610 | 2 | 0 | |a automobily |
| 610 | 2 | 0 | |a náklady |
| 610 | 2 | 0 | |a údaje štatistické |
| 100 | 1 | |a Melo, J.de | |
| 700 | 1 | |a Tarr, D. | |